Datum a čas kvízu
40.5
Celkem bodů
Celkový počet nahraných bodů na tomto kvízu bez doplňovacích otázek.
3.
Pořadí na kvízu
Konečné umístění týmu na tomto kvízu.
Zaznamenané odpovědi
| # | Otázka | Odpověď | Body | Výsledky |
|---|---|---|---|---|
| 1. | Katedrála svatého Víta se po č... | Petr Pavel | 1 | |
| 2. | Ve čtvrtek jsme se dozvěděli,... | Katy Perry | 1 | |
| 3. | Animovaná maminka jisté postav... | Prasátko Peppa | 0 | |
| 4. | V úterý sjel z výrobní linky p... | 815 | 1 | |
| 5. | Jeden známý fotbalista dostal... | Lionel Messi | 0 | |
| 6. | Které souostroví se v češtině... | Kapverdy | 0 | |
| 7. | Na okraji obce ve Zlínském kra... | Modrá | 1 | |
| 8. | Která známá historická osobnos... | Adolf Hitler | 1 | |
| 9. | Jak se jmenuje prales na hrani... | Bělověžský prales | 1 | |
| 10. | Jak se nazývá německé pohoří,... | Černý les (Schwarzwald) | 1 |